Statistics for Metallica - Purify Lyrics

Click here to take the quiz!

General Stats

  • This quiz has been taken 10 times
  • The average score is 134 of 225

Answer Stats

Answer% Correct
purify!
100%
Purify!
100%
purify
100%
Purify,
100%
and
88%
I,
88%
I
88%
you
88%
You
88%
me?)
75%
the
75%
My
63%
on
63%
on,
63%
(Won't
63%
won't
63%
your
63%
ain't
50%
can
50%
(Can't
50%
Come
50%
help
50%
if
50%
it
50%
of
50%
(Why
50%
with
50%
be
38%
dancing
38%
down
38%
layers
38%
off
38%
skeleton
38%
skeletons
38%
Strip
38%
up
38%
what
38%
anything
25%
back
25%
been
25%
Cover
25%
dirt
25%
find
25%
have
25%
might
25%
mine
25%
Oh,
25%
Old
25%
old
25%
past
25%
Pure
25%
Tear
25%
Truth
25%
turpentine
25%
Wanna
25%
wash
25%
White
25%
white
25%
Acid
13%
bones
13%
Bones
13%
clean
13%
Clear
13%
dare
13%
diamond
13%
eyes,
13%
eyes
13%
Ghost
13%
heat,
13%
light
13%
looks
13%
paint,
13%
Peeling
13%
skin
13%
Super
13%
sweet
13%
Ultra
13%

Score Distribution

Percentile by Number Answered

Percent of People with Each Score

Your Score History

You have not taken this quiz